| 000 | 02954cam a2200601 i 4500 | ||
|---|---|---|---|
| 001 | on1484705600 | ||
| 003 | OCoLC | ||
| 005 | 20250210142802.0 | ||
| 008 | 250115t20252025nyua c 6 000 0 eng d | ||
| 010 | _a 2024935345 | ||
| 020 |
_a9781250768797 _q(hardback) |
||
| 020 |
_a1250768799 _q(hardback) |
||
| 020 |
_a9781250768780 _q(paperback) |
||
| 020 |
_a1250768780 _q(paperback) |
||
| 035 | _a(OCoLC)1484705600 | ||
| 040 |
_aIG# _beng _erda _cIG# _dBDX _dJCX _dIOU _dOCLCO |
||
| 043 |
_an-us-ny _an-us-nj |
||
| 082 | 0 | 4 |
_a900/73009 _223/eng/20250115 |
| 092 |
_ajunior graphic nonfiction _bJ GN 900 Feggo |
||
| 100 | 1 |
_aGalindo, Felipe, _eauthor. _96538520 |
|
| 245 | 1 | 0 |
_aEllis Island : _bimmigration and the American Dream / _cwritten by Felipe Galindo Feggo ; art by Tait Howard. |
| 246 | 3 | 3 | _aImmigration & the American Dream |
| 250 | _aFirst edition. | ||
| 264 | 1 |
_aNew York : _bFirst Second, an imprint of Roaring Book Press, _c2025. |
|
| 264 | 4 | _c©2025 | |
| 300 |
_a111 pages : _bchiefly color illustrations ; _c22 cm |
||
| 336 | _atext | ||
| 336 | _astill image | ||
| 337 | _aunmediated | ||
| 338 | _avolume | ||
| 490 | 1 | _aHistory comics | |
| 520 | _a"Many Americans know someone who can trace their ancestry throughEllis Island. In addition to being part of the world-famous Statue of Liberty National Monument, this modest-sized piece of land once housed the main immigration processing center for the U.S., documenting upwards of 12 million people between 1892 and 1954! Over the generations, Ellis Island has taken on an almost mythic status as a beacon of hope to those seeking freedom and refuge from persecution. Buthow did it all get started?:--Provided by publisher. | ||
| 610 | 2 | 0 |
_aEllis Island Immigration Station (N.Y. and N.J.) _vJuvenile literature. _96494819 |
| 610 | 2 | 1 | _aEllis Island Immigration Station (N.Y. and N.J.) |
| 610 | 2 | 6 |
_aEllis Island Immigration Station (N.Y. et N.J.) _vOuvrages pour la jeunesse. _96538521 |
| 650 | 1 | _aCartoons and comics. | |
| 651 | 0 |
_aUnited States _xEmigration and immigration _vJuvenile literature. _95753238 |
|
| 651 | 1 |
_aUnited States _xEmigration and immigration. _993134 |
|
| 655 | 7 |
_aCreative nonfiction. _2lcgft _95706759 |
|
| 655 | 7 |
_aGraphic novels. _2lcgft |
|
| 655 | 7 |
_aHistorical comics. _2lcgft _95724239 |
|
| 655 | 7 |
_aNonfiction comics. _2lcgft _95724240 |
|
| 655 | 7 |
_aEducational comics. _2lcgft _96363300 |
|
| 655 | 7 |
_aComics (Graphic works) _2lcgft _95689343 |
|
| 655 | 7 |
_aEssais fictionnels. _2rvmgf _96463824 |
|
| 655 | 7 |
_aBandes dessinées historiques. _2rvmgf _96536938 |
|
| 655 | 7 |
_aBandes dessinées autres que de fiction. _2rvmgf _96448620 |
|
| 655 | 7 |
_aBandes dessinées éducatives. _2rvmgf _96448619 |
|
| 655 | 7 |
_aBandes dessinées. _2rvmgf _96447297 |
|
| 700 | 1 |
_aHoward, Tait, _eartist. _96422727 |
|
| 830 | 0 |
_aHistory comics (First Second (Firm)) _96366214 |
|
| 942 |
_2ddc _cBOOK |
||
| 999 |
_c404295 _d404295 |
||